LEADER 00814nam0-22003011i-450- 001 990003101210403321 035 $a000310121 035 $aFED01000310121 035 $a(Aleph)000310121FED01 035 $a000310121 100 $a20000920d--------km-y0itay50------ba 101 0 $aita 102 $aIT 200 1 $aInflation en Asie du sud-est$fHoang-Long-Dien$gPréface de Maurice Byé. 210 $aParis$cGénin$d\[s.a.]\\. 215 $aXII, 512 p.$d24 cm 610 0 $aInflazione$aAsia sud-orientale 676 $aF/1.33 676 $aJ/1.52 702 1$aHoang,$bLong Dien 801 0$aIT$bUNINA$gRICA$2UNIMARC 901 $aBK 912 $a990003101210403321 952 $aF/1.33 HOA$b645/I$fSES 959 $aSES 996 $aInflation en Asie du sud-est$9461981 997 $aUNINA DB $aING01 LEADER 03409oas 2201285 a 450 001 9910333135903321 005 20251105213014.0 011 $a1095-8657 035 $a(DE-599)ZDB1469822-5 035 $a(DE-599)1469822-5 035 $a(OCoLC)36946295 035 $a(CONSER)sn 97006916 035 $a(CKB)954922650160 035 $a(EXLCZ)99954922650160 100 $a19970521a19909999 sy a 101 0 $aeng 135 $aurcnu|||||||| 181 $ctxt$2rdacontent 182 $cc$2rdamedia 183 $acr$2rdacarrier 200 00$aJournal of structural biology 210 $aOrlando, Fla. $cAcademic Press 300 $aRefereed/Peer-reviewed 311 08$a1047-8477 517 3 $aStructural biology 531 0 $aJ. struct. biol. 606 $aUltrastructure (Biology)$vPeriodicals 606 $aMolecular structure$vPeriodicals 606 $aCytology$vPeriodicals 606 $aMolecular structure 606 $aMicroscopy 606 $aMolecular Biology 606 $aMolecular Structure 606 $aMicroscopy$xperiodicals 606 $aMolecular Biology$xperiodicals 606 $aMolecular Structure$xperiodicals 606 $aMicroscopy$vPeriodicals 606 $aMolecular Biology$vPeriodicals 606 $aMolecular Structure$vPeriodicals 606 $aUltrastructure (Biologie)$vPe?riodiques 606 $aStructure mole?culaire$vPe?riodiques 606 $aCytologie$vPe?riodiques 606 $aStructure mole?culaire 606 $amolecular structure$2aat 606 $aCytology$2fast$3(OCoLC)fst00886282 606 $aMolecular structure$2fast$3(OCoLC)fst01024846 606 $aUltrastructure (Biology)$2fast$3(OCoLC)fst01160738 608 $aPeriodicals.$2fast 615 0$aUltrastructure (Biology) 615 0$aMolecular structure 615 0$aCytology 615 0$aMolecular structure. 615 2$aMicroscopy. 615 2$aMolecular Biology. 615 2$aMolecular Structure. 615 2$aMicroscopy$xperiodicals. 615 2$aMolecular Biology$xperiodicals. 615 2$aMolecular Structure$xperiodicals. 615 2$aMicroscopy 615 2$aMolecular Biology 615 2$aMolecular Structure 615 6$aUltrastructure (Biologie) 615 6$aStructure mole?culaire 615 6$aCytologie 615 6$aStructure mole?culaire. 615 7$amolecular structure. 615 7$aCytology. 615 7$aMolecular structure. 615 7$aUltrastructure (Biology) 676 $a574 801 0$bOH1 801 1$bOH1 801 2$bNSD 801 2$bOCL 801 2$bOCLCQ 801 2$bGUA 801 2$bOCLCQ 801 2$bMUQ 801 2$bOCLCQ 801 2$bPFM 801 2$bOCLCQ 801 2$bOCLCO 801 2$bTEF 801 2$bOCLCQ 801 2$bBUF 801 2$bOCLCF 801 2$bOCLCO 801 2$bVT2 801 2$bEUW 801 2$bOCLCO 801 2$bOCLCQ 801 2$bMST 801 2$bAU@ 801 2$bOCLCO 801 2$bWYU 801 2$bU3W 801 2$bOCLCO 801 2$bOCLCA 801 2$bWAU 801 2$bOCLCO 801 2$bOCLCA 801 2$bOCLCO 801 2$bOCLCQ 801 2$bUAB 801 2$bOCLCL 801 2$bOCLCQ 906 $aJOURNAL 912 $a9910333135903321 996 $aJournal of structural biology$9794274 997 $aUNINA